| 000 | 00326nam a2200109Ia 4500 | ||
|---|---|---|---|
| 008 | 171211s9999 xx 000 0 und d | ||
| 020 | _a9789715427852 | ||
| 100 | _aBelizario Jr., Vicente Y. | ||
| 245 | _aMedical Parasitology in the Philippines | ||
| 260 |
_bThe University of the Philippines Press _c2015 |
||
| 300 | _a540 pages | ||
| 999 |
_c350861 _d350861 |
||